[Event "39th Nezhmetdinov Mem"]
[Site "Kazan RUS"]
[Date "2017.06.04"]
[Round "5.5"]
[White "Bublei, Pavel"]
[Black "Timofeev, Artyom"]
[Result "0-1"]
[WhiteTitle "FM"]
[BlackTitle "GM"]
[WhiteElo "2399"]
[BlackElo "2555"]
[WhiteFideId "24112593"]
[BlackFideId "4140419"]
[EventDate "2017.05.31"]

1. d4 Nf6 2. c4 g6 3. Nc3 d5 4. Bf4 Bg7 5. e3 O-O 6. Rc1 dxc4 7. Bxc4 Nbd7 8.
Nf3 Nh5 9. Bg5 h6 10. Bh4 g5 11. Bg3 Nxg3 12. hxg3 c5 13. Qc2 e6 14. dxc5 Nxc5
15. O-O Qb6 16. a3 a5 17. Na4 Nxa4 18. Qxa4 Qxb2 19. Rb1 Qf6 20. Rfd1 Qe7 21.
Rd3 Qc7 22. Bb5 b6 23. Bc6 Rb8 24. Rbd1 Bb7 25. Bxb7 Rxb7 26. Rd7 Qc8 27. R7d6
Qc7 28. Qe4 b5 29. Ne5 b4 30. Rd7 Qxe5 31. Qxe5 Rxd7 0-1

[Event "39th Nezhmetdinov Mem"]
[Site "Kazan RUS"]
[Date "2017.06.04"]
[Round "5.6"]
[White "Pridorozhni, Aleksei"]
[Black "Ivanov, Andrew"]
[Result "1-0"]
[WhiteTitle "GM"]
[BlackTitle "IM"]
[WhiteElo "2540"]
[BlackElo "2392"]
[WhiteFideId "4127870"]
[BlackFideId "4188080"]
[EventDate "2017.05.31"]

1. e4 c6 2. Nc3 d5 3. g3 d4 4. Nce2 e5 5. d3 c5 6. f4 Nc6 7. Nf3 Bd6 8. Bg2 Nf6
9. O-O O-O 10. f5 Bd7 11. h3 c4 12. g4 cxd3 13. cxd3 Rc8 14. Ng3 h6 15. Rf2 Nh7
16. Bf1 Be7 17. h4 Bxh4 18. Nxh4 Qxh4 19. Nh5 Nb4 20. Rh2 Qe7 21. a3 Na6 22.
Nxg7 Kxg7 23. Bxh6+ Kh8 24. g5 Rg8 25. Qh5 Nc5 26. Kh1 f6 27. gxf6 Qxf6 28. Bg5
Qg7 29. Bf6 Qxf6 30. Qxh7# 1-0

[Event "39th Nezhmetdinov Mem"]
[Site "Kazan RUS"]
[Date "2017.06.04"]
[Round "5.7"]
[White "Anikonov, Dmitry"]
[Black "Shyam, Sundar M."]
[Result "1-0"]
[WhiteTitle "FM"]
[BlackTitle "GM"]
[WhiteElo "2388"]
[BlackElo "2535"]
[WhiteFideId "24178012"]
[BlackFideId "5019141"]
[EventDate "2017.05.31"]

1. d4 Nf6 2. c4 g6 3. Nc3 Bg7 4. e4 d6 5. Nf3 O-O 6. h3 Na6 7. Bg5 Qe8 8. g4 e5
9. d5 Nc5 10. Nd2 a5 11. Rg1 c6 12. a3 Bd7 13. b4 axb4 14. axb4 Na6 15. Rb1 c5
16. b5 Nb4 17. Be2 Qe7 18. Rg3 h6 19. Be3 Nh7 20. Kf1 Kh8 21. Kg1 Rg8 22. Rb3 f5
23. gxf5 gxf5 24. exf5 Bxf5 25. Nde4 Nf6 26. Bf3 Na2 27. Nxf6 Bxf6 28. Ne4 Bh4
29. Rxg8+ Rxg8+ 30. Kh2 Nb4 31. Rc3 Qg7 32. Qe1 Qg6 33. Bd2 Rf8 34. Qe2 Rg8 35.
Qe1 Ra8 36. Ng3 Nc2 37. Qb1 Ra1 38. Qb2 Ra8 39. Nxf5 Rg8 40. Bg4 h5 41. Nxh4 Qf6
42. Qxc2 Qxf2+ 43. Ng2 hxg4 44. Rg3 1-0

[Event "39th Nezhmetdinov Mem"]
[Site "Kazan RUS"]
[Date "2017.06.04"]
[Round "5.8"]
[White "Frolyanov, Dmitry"]
[Black "Yandemirov, Valeri"]
[Result "1-0"]
[WhiteTitle "GM"]
[BlackTitle "GM"]
[WhiteElo "2534"]
[BlackElo "2387"]
[WhiteFideId "4151976"]
[BlackFideId "4102622"]
[EventDate "2017.05.31"]

1. e4 e6 2. d4 d5 3. Nc3 dxe4 4. Nxe4 Nd7 5. Nf3 Ngf6 6. Nxf6+ Nxf6 7. Be3 Be7
8. Bd3 O-O 9. Qe2 b6 10. O-O-O c5 11. Kb1 Bb7 12. dxc5 Qc7 13. cxb6 axb6 14. Bd4
Bd5 15. c4 Bxf3 16. gxf3 Rfd8 17. Bc3 b5 18. cxb5 Nd5 19. Be5 Bd6 20. Bxd6 Qxd6
21. Bc4 Qb4 22. Bxd5 exd5 23. Rhg1 Qf4 24. h3 h5 25. Qe3 Qc4 26. b3 Qxb5 27. Qh6
g6 28. Rxg6+ fxg6 29. Qxg6+ Kf8 30. Qf6+ Ke8 31. Re1+ Kd7 32. Re7+ Kc8 33. Qc3+ 1-0

[Event "39th Nezhmetdinov Mem"]
[Site "Kazan RUS"]
[Date "2017.06.04"]
[Round "5.9"]
[White "Hemant, Sharma2"]
[Black "Swapnil, S. Dhopade"]
[Result "1/2-1/2"]
[BlackTitle "GM"]
[WhiteElo "2380"]
[BlackElo "2533"]
[WhiteFideId "5025842"]
[BlackFideId "5019184"]
[EventDate "2017.05.31"]

1. Nf3 Nf6 2. c4 e6 3. g3 d5 4. Bg2 dxc4 5. Qc2 a6 6. a4 b6 7. O-O Bb7 8. Qxc4
c5 9. d4 Bd5 10. Qc2 Nc6 11. dxc5 Bxc5 12. Nc3 Nb4 13. Qb1 Bc6 14. Ne1 Rc8 15.
Bg5 O-O 16. Bxc6 Rxc6 17. Nf3 Qc7 18. Bxf6 gxf6 19. Qe4 Be7 20. Qg4+ Kh8 21.
Rfd1 Rd8 22. Rxd8+ Qxd8 23. Rd1 Rd6 24. Rxd6 Bxd6 25. Ne4 Nd5 26. Qh5 Kg7 27.
Qg4+ Kh8 28. Qh5 Kg7 29. Qg4+ Kh8 30. Qh5 Kg7 1/2-1/2

[Event "39th Nezhmetdinov Mem"]
[Site "Kazan RUS"]
[Date "2017.06.04"]
[Round "5.10"]
[White "Maiorov, Nikita1"]
[Black "Bryakin, Mikhail"]
[Result "1-0"]
[WhiteTitle "GM"]
[BlackTitle "FM"]
[WhiteElo "2527"]
[BlackElo "2338"]
[WhiteFideId "13501720"]
[BlackFideId "4165314"]
[EventDate "2017.05.31"]

1. d4 d5 2. c4 c6 3. Nc3 dxc4 4. e3 b5 5. a4 b4 6. Ne4 Qd5 7. Nd2 c3 8. bxc3
bxc3 9. Ndf3 e6 10. Bd3 Na6 11. Ne2 Nb4 12. O-O Qa5 13. Bc4 c2 14. Qd2 Nf6 15.
Ba3 Rb8 16. Ne5 Bd7 17. Bd3 Qc7 18. Rfc1 a5 19. Bxc2 Bd6 20. Nc4 Be7 21. Nf4 O-O
22. Nd3 Nfd5 23. Bb1 Rfc8 24. Nc5 Bxc5 25. dxc5 e5 26. e4 Nf4 27. Bb2 f6 28. g3
Ne6 29. Nd6 Rd8 30. f4 Qa7 31. fxe5 fxe5 32. Bxe5 Rf8 33. Ra3 Rbd8 34. Ba2 Nxa2
35. Qxa2 Kh8 36. Qb2 Rb8 37. Nf7+ Kg8 38. Bxb8 Rxb8 39. Qf2 Rf8 40. Rf3 Be8 41.
Nd6 Rxf3 42. Qxf3 Bg6 43. Qb3 Qe7 44. Qb8+ Nd8 45. Nb7 Qxe4 46. Qxd8+ Be8 47.
Qd2 Qxa4 48. Re1 1-0

[Event "39th Nezhmetdinov Mem"]
[Site "Kazan RUS"]
[Date "2017.06.05"]
[Round "6.1"]
[White "Burmakin, Vladimir"]
[Black "Lintchevski, Daniil"]
[Result "1/2-1/2"]
[WhiteTitle "GM"]
[BlackTitle "GM"]
[WhiteElo "2508"]
[BlackElo "2532"]
[WhiteFideId "4105109"]
[BlackFideId "4171055"]
[EventDate "2017.05.31"]

1. d4 d5 2. Nf3 Nf6 3. e3 e6 4. Be2 c5 5. O-O Nc6 6. b3 cxd4 7. exd4 Be7 8. a3
O-O 9. Bd3 a6 10. Bb2 b5 11. Nbd2 b4 12. axb4 Nxb4 13. Be2 a5 14. c3 Nc6 15. Ba3
Bd7 16. Ne1 Bxa3 17. Rxa3 e5 18. dxe5 Nxe5 19. Nef3 Qc7 20. Nxe5 Qxe5 21. c4 a4
22. bxa4 Bxa4 23. Rxa4 Rxa4 24. Qxa4 Qxe2 25. Qd1 Qxd1 26. Rxd1 dxc4 27. Nxc4 g6
28. h3 Rc8 29. Ne3 h5 30. Nd5 Nxd5 31. Rxd5 Kg7 32. g3 Rc7 33. h4 Rb7 34. Kg2
Rc7 35. Ra5 Re7 36. Rb5 Rd7 37. Ra5 Re7 38. Rc5 Rd7 1/2-1/2

[Event "39th Nezhmetdinov Mem"]
[Site "Kazan RUS"]
[Date "2017.06.05"]
[Round "6.2"]
[White "Moiseenko, Vadim"]
[Black "Tsydypov, Zhamsaran"]
[Result "1-0"]
[WhiteTitle "IM"]
[BlackTitle "IM"]
[WhiteElo "2528"]
[BlackElo "2511"]
[WhiteFideId "4123700"]
[BlackFideId "4108566"]
[EventDate "2017.05.31"]

1. d4 Nf6 2. c4 g6 3. Nc3 d5 4. Bg5 c5 5. Bxf6 exf6 6. cxd5 Qb6 7. e3 Qxb2 8.
Bb5+ Bd7 9. Bxd7+ Nxd7 10. Nge2 Qb6 11. Qa4 Qa6 12. Qxa6 bxa6 13. Rb1 Nb6 14.
O-O Rc8 15. Rfc1 f5 16. a4 cxd4 17. Nxd4 Bg7 18. Nc6 Kd7 19. a5 Nxd5 20. Nxd5
Rxc6 21. Rb7+ Kd6 22. Rd1 Rc5 23. Nb4+ Ke6 24. Nd3 Rxa5 25. Nf4+ Kf6 26. h4 Bh6
27. Nd5+ Kg7 28. Nc7 Re5 29. Rd7 Rf8 30. Nd5 Re4 31. g3 g5 32. hxg5 Bxg5 33.
Rxa7 Re6 34. Nc7 Rg6 35. Kf1 Rd8 36. Rxd8 Bxd8 37. Nxa6 h5 38. Nb4 h4 39. gxh4
Bxh4 40. Nd3 Re6 41. Ra5 Kf6 42. Nf4 Rc6 43. Ne2 Rc2 44. Ra4 Bg5 45. f4 Bh4 46.
Nd4 Rf2+ 47. Kg1 Kg6 48. Ra5 Rb2 49. Nxf5 Bf2+ 50. Kf1 Kh5 51. Nd4+ Kg4 52. Rg5+
Kh3 53. Rg2 Bxe3 54. Rxb2 Bxd4 55. Rb4 Bc5 56. Rc4 Bd6 57. f5 Be5 58. Kf2 1-0

[Event "39th Nezhmetdinov Mem"]
[Site "Kazan RUS"]
[Date "2017.06.05"]
[Round "6.3"]
[White "Yudin, Sergei"]
[Black "Kokarev, Dmitry"]
[Result "1/2-1/2"]
[WhiteTitle "GM"]
[BlackTitle "GM"]
[WhiteElo "2522"]
[BlackElo "2640"]
[WhiteFideId "4159659"]
[BlackFideId "4132181"]
[EventDate "2017.05.31"]

1. e4 c5 2. Nf3 d6 3. c3 Nf6 4. Be2 g6 5. O-O Bg7 6. Bb5+ Nc6 7. d4 O-O 8. d5
Na5 9. Re1 e6 10. Na3 a6 11. Bf1 Re8 12. Bg5 exd5 13. exd5 Rxe1 14. Qxe1 h6 15.
Bh4 b5 16. Rd1 Bf5 17. b4 Nb7 18. c4 g5 19. Bg3 Ne4 20. bxc5 Nbxc5 21. cxb5 axb5
22. Nxb5 Rxa2 23. Nfd4 Bg6 24. Nc6 Qd7 25. f3 Nxg3 26. Qxg3 Bf8 27. h4 Qf5 28.
hxg5 Qxg5 29. Kh2 Kg7 30. Nc3 Rc2 31. Ne2 Nd7 32. Nf4 Nf6 33. Qxg5 hxg5 34. Nxg6
fxg6 35. Nd4 Rc8 36. Ne6+ Kg8 37. Nxg5 Bh6 38. Ne6 Rc1 39. Rxc1 Bxc1 40. Bc4 g5
41. g3 Kf7 42. Kg2 Nh5 43. Nd4 Bb2 44. Nf5 Be5 45. Kf2 Kf6 46. Bd3 Kf7 47. Kg2
Nf6 48. Be4 Nh5 49. Kh3 Nf6 50. Ne3 Bc3 51. Bf5 Bd4 52. Be6+ Kg6 53. Nc4 1/2-1/2

[Event "39th Nezhmetdinov Mem"]
[Site "Kazan RUS"]
[Date "2017.06.05"]
[Round "6.4"]
[White "Timofeev, Artyom"]
[Black "Khanin, Semen"]
[Result "1/2-1/2"]
[WhiteTitle "GM"]
[BlackTitle "IM"]
[WhiteElo "2555"]
[BlackElo "2434"]
[WhiteFideId "4140419"]
[BlackFideId "4111990"]
[EventDate "2017.05.31"]

1. Nf3 Nf6 2. g3 g6 3. d4 Bg7 4. Bg2 O-O 5. O-O d5 6. c3 b6 7. a4 a5 8. Bf4 Bb7
9. Na3 Na6 10. Qc1 Rc8 11. Bh6 Qd7 12. Nc2 c5 13. Ne5 Qe6 14. Bxg7 Kxg7 15. Qf4
Nh5 16. Qe3 Nf6 17. Rfd1 Rfd8 18. Bf3 Nb8 19. Qf4 Nc6 20. Ne3 cxd4 21. Nxc6 Qxc6
22. Rxd4 Qc7 23. Qg5 e6 24. Rad1 h6 25. Qh4 Ba6 26. Qh3 Rd7 27. Ng4 Nxg4 28.
Qxg4 Rcd8 29. e4 dxe4 30. Qxe4 Rxd4 31. Rxd4 Rxd4 32. Qxd4+ e5 33. Qe3 Qd6 34.
Be2 Bb7 35. Bf3 Ba6 36. Be2 Bb7 37. Bf3 1/2-1/2

[Event "39th Nezhmetdinov Mem"]
[Site "Kazan RUS"]
[Date "2017.06.05"]
[Round "6.5"]
[White "Golubov, Saveliy"]
[Black "Pridorozhni, Aleksei"]
[Result "1/2-1/2"]
[WhiteTitle "IM"]
[BlackTitle "GM"]
[WhiteElo "2504"]
[BlackElo "2540"]
[WhiteFideId "24176729"]
[BlackFideId "4127870"]
[EventDate "2017.05.31"]

1. e4 c5 2. Nf3 e6 3. b3 b6 4. Bb2 Bb7 5. Qe2 Nc6 6. Nc3 Nd4 7. Qd3 Nxf3+ 8.
Qxf3 a6 9. O-O-O Ne7 10. Ne2 d5 11. exd5 Qxd5 12. Qf4 Qc6 13. Ng3 f6 14. Be2 Nd5
15. Qg4 O-O-O 16. c4 Nb4 17. a3 Nd3+ 18. Bxd3 Rxd3 19. Rhe1 Qd7 20. Rxe6 Kb8 21.
Rde1 Ka7 22. Bc3 Bxg2 23. Qf5 Bb7 24. R6e3 Rxe3 25. Qxd7 Rxe1+ 26. Kb2 Re7 27.
Qd8 Re6 28. Qd7 Re7 29. Qd8 Re6 30. Qd7 1/2-1/2

[Event "39th Nezhmetdinov Mem"]
[Site "Kazan RUS"]
[Date "2017.06.05"]
[Round "6.6"]
[White "Belyakov, Bogdan"]
[Black "Frolyanov, Dmitry"]
[Result "1/2-1/2"]
[WhiteTitle "IM"]
[BlackTitle "GM"]
[WhiteElo "2470"]
[BlackElo "2534"]
[WhiteFideId "24104795"]
[BlackFideId "4151976"]
[EventDate "2017.05.31"]

1. e4 c5 2. Nf3 Nc6 3. Bb5 g6 4. O-O Bg7 5. Re1 e5 6. d3 Nge7 7. Be3 d6 8. Bc4
O-O 9. a4 h6 10. c3 Kh7 11. d4 exd4 12. cxd4 f5 13. exf5 Nxf5 14. dxc5 Nxe3 15.
Rxe3 dxc5 16. Qxd8 Rxd8 17. Nc3 Bg4 18. Be2 Bf5 19. Nh4 Bc2 20. Rc1 Nd4 21. Bd1
Bxd1 22. Nxd1 g5 23. Nf3 Nxf3+ 24. Rxf3 Rd2 25. g4 b6 26. b3 Rad8 27. Ne3 R8d7
28. Nf5 R2d3 29. Rxd3 Rxd3 30. Re1 Bd4 31. Re7+ Kg6 32. Rxa7 Rxb3 33. Rd7 Bf6
34. Rd6 c4 35. Rc6 c3 36. Nd6 Rb4 37. Ne8 Rxg4+ 38. Kf1 Rf4 39. Nxf6 Rxf6 40.
Rxc3 Re6 41. Rb3 1/2-1/2

[Event "39th Nezhmetdinov Mem"]
[Site "Kazan RUS"]
[Date "2017.06.05"]
[Round "6.7"]
[White "Vaishali, R"]
[Black "Maiorov, Nikita1"]
[Result "0-1"]
[WhiteTitle "WIM"]
[BlackTitle "GM"]
[WhiteElo "2272"]
[BlackElo "2527"]
[WhiteFideId "5091756"]
[BlackFideId "13501720"]
[EventDate "2017.05.31"]

1. e4 e5 2. Nf3 Nc6 3. Bb5 a6 4. Ba4 Nf6 5. O-O Be7 6. Re1 b5 7. Bb3 d6 8. c3
O-O 9. h3 Nb8 10. d4 Nbd7 11. Nbd2 Bb7 12. Bc2 Re8 13. Nf1 Bf8 14. Bg5 h6 15.
Bh4 Qc8 16. Ng3 g6 17. a4 Bg7 18. dxe5 dxe5 19. Qe2 Bc6 20. b4 Nf8 21. Qe3 N6d7
22. Nf1 Nb6 23. axb5 axb5 24. N1d2 Bd7 25. Bg3 Qb7 26. Ra5 f6 27. Rea1 Ne6 28.
Qe2 Kh7 29. Bd3 Na4 30. Ra3 Rxa5 31. bxa5 Ra8 32. Nh4 Rxa5 33. Qg4 Nf8 34. Qe2
Qb6 35. Kh2 c5 36. Qe3 Qd6 37. Ra1 h5 38. Nb3 Ra6 39. Be2 c4 40. Rd1 Qb6 41. Qf3
Be8 42. Na1 Ne6 43. Bf1 Ng5 0-1

[Event "39th Nezhmetdinov Mem"]
[Site "Kazan RUS"]
[Date "2017.06.05"]
[Round "6.8"]
[White "Hasangatin, Ramil"]
[Black "Anikonov, Dmitry"]
[Result "1/2-1/2"]
[WhiteTitle "GM"]
[BlackTitle "FM"]
[WhiteElo "2509"]
[BlackElo "2388"]
[WhiteFideId "4122160"]
[BlackFideId "24178012"]
[EventDate "2017.05.31"]

1. Nf3 d6 2. g3 e5 3. d3 f5 4. c4 Nf6 5. Nc3 Be7 6. Bg2 O-O 7. O-O Qe8 8. e3 Qh5
9. Nd2 Qg6 10. f4 Nc6 11. Nd5 Nxd5 12. cxd5 Nb8 13. Qc2 c6 14. fxe5 dxe5 15. Nc4
Qf6 16. Na5 cxd5 17. Bxd5+ Kh8 18. Bd2 Na6 19. Rac1 Rb8 20. a3 Rd8 21. e4 f4 22.
gxf4 Rxd5 23. exd5 Bf5 24. Be3 exf4 25. Rxf4 Bd6 26. Rxf5 Qxf5 27. Nc4 Bf4 28.
Bxf4 Qxf4 29. Rf1 Qd4+ 30. Qf2 Qxd5 31. Qf8+ Rxf8 32. Rxf8+ Qg8 33. Rxg8+ Kxg8
34. Nd6 Nc5 35. d4 Ne6 36. Nxb7 Nxd4 37. Kf2 Kf7 38. Ke3 Nc6 39. Ke4 Ke6 40. b4
Ne5 41. a4 Ng4 42. h4 h6 43. b5 g5 44. hxg5 hxg5 45. Kd4 Kd7 46. Nc5+ Kc7 47. a5
Nf6 48. Ne6+ Kb7 49. Ke5 Ne8 50. Nc5+ Kb8 51. b6 axb6 52. axb6 Nc7 53. Kd6 Nb5+
54. Kc6 Na7+ 55. Kd5 g4 56. Ke4 Nc8 57. b7 Nd6+ 58. Kf4 Nxb7 59. Nxb7 Kxb7 60.
Kxg4 1/2-1/2

[Event "39th Nezhmetdinov Mem"]
[Site "Kazan RUS"]
[Date "2017.06.05"]
[Round "6.9"]
[White "Popov, Mikhail"]
[Black "Smirnov, Pavel"]
[Result "0-1"]
[WhiteTitle "FM"]
[BlackTitle "GM"]
[WhiteElo "2378"]
[BlackElo "2589"]
[WhiteFideId "4146182"]
[BlackFideId "4123425"]
[EventDate "2017.05.31"]

1. Nf3 Nf6 2. c4 e6 3. Nc3 d5 4. d4 c6 5. Bg5 h6 6. Bxf6 Qxf6 7. e3 g6 8. Be2
Bg7 9. e4 dxc4 10. Bxc4 O-O 11. O-O Nd7 12. e5 Qe7 13. Qe2 Rd8 14. Rac1 b6 15.
Rfe1 Rb8 16. Bd3 Bb7 17. Be4 b5 18. Red1 a6 19. Nb1 Rdc8 20. Nbd2 Ba8 21. Rc2 c5
22. Bxa8 Rxa8 23. Rdc1 Qf8 24. dxc5 Rxc5 25. Rxc5 Nxc5 26. Ne4 Nd7 27. Ng3 Qb8
28. Re1 Qb7 29. Ne4 Qc7 30. Nd6 Rd8 31. Kf1 Qb6 32. a4 bxa4 33. Nc4 Qb5 34. Na3
Qxe2+ 35. Rxe2 Rb8 36. h4 Rb4 37. g3 g5 38. hxg5 hxg5 39. Rd2 g4 40. Rxd7 gxf3
41. Rd8+ Kh7 42. Rd3 Bxe5 43. Rxf3 Bxb2 44. Rxf7+ Kg6 45. Rf3 Rb3 0-1

[Event "39th Nezhmetdinov Mem"]
[Site "Kazan RUS"]
[Date "2017.06.05"]
[Round "6.10"]
[White "Swapnil, S. Dhopade"]
[Black "Samusenko, Maksim"]
[Result "0-1"]
[WhiteTitle "GM"]
[BlackTitle "FM"]
[WhiteElo "2533"]
[BlackElo "2325"]
[WhiteFideId "5019184"]
[BlackFideId "4112253"]
[EventDate "2017.05.31"]

1. d4 d6 2. Nf3 Nf6 3. c4 g6 4. Nc3 Bg7 5. e4 O-O 6. h3 c6 7. Be3 Na6 8. Be2 e5
9. d5 cxd5 10. cxd5 Nh5 11. O-O Nf4 12. Bc4 Bd7 13. Re1 Qa5 14. a3 Rfc8 15. Bf1
Qd8 16. Rc1 h6 17. Kh2 Qe8 18. Nd2 Nc5 19. Nc4 Bf8 20. b4 Na4 21. Nxa4 Bxa4 22.
Qd2 Bb5 23. g3 Nh5 24. Bxh6 Bxc4 25. Bxc4 Bxh6 26. Qxh6 Qa4 27. Qe3 a5 28. Be2
Nf6 29. Rxc8+ Rxc8 30. Bd1 Qb5 31. Be2 Qa4 32. bxa5 Qxa5 33. Rd1 Rc2 34. Bf3 Qc3
35. Rd3 Qc4 36. Kg2 Nd7 37. Bd1 Rc1 38. Bb3 Qc5 39. h4 Qxe3 40. Rxe3 Nc5 41. Kf3
Kg7 42. Ke2 f5 43. exf5 gxf5 44. Kd2 Rf1 45. Ke2 Rc1 46. Kd2 Rf1 47. Ke2 Rc1 48.
Bd1 Rc4 49. Ke1 Rd4 50. Bc2 e4 51. f3 Rxd5 52. g4 fxg4 53. fxg4 Re5 54. Rc3 b6
55. Rc4 d5 56. Rb4 Ne6 57. Rxb6 d4 58. Rd6 d3 59. Bxd3 exd3+ 60. Kd1 Nc5 61. Rd4
Re3 62. a4 Ne4 63. a5 d2 64. a6 Re1+ 65. Kc2 Rc1+ 66. Kb2 d1=Q 0-1

[Event "39th Nezhmetdinov Mem"]
[Site "Kazan RUS"]
[Date "2017.06.06"]
[Round "7.2"]
[White "Maiorov, Nikita1"]
[Black "Burmakin, Vladimir"]
[Result "1/2-1/2"]
[WhiteTitle "GM"]
[BlackTitle "GM"]
[WhiteElo "2527"]
[BlackElo "2508"]
[WhiteFideId "13501720"]
[BlackFideId "4105109"]
[EventDate "2017.05.31"]

1. d4 d5 2. c4 e6 3. Nc3 Nf6 4. cxd5 exd5 5. Bg5 c6 6. e3 Be7 7. Bd3 Nbd7 8. Qc2
O-O 9. Nge2 Re8 10. O-O Nf8 11. f3 g6 12. Rad1 Ne6 13. Bh4 b6 14. Qc1 Nh5 15.
Bxe7 Qxe7 16. e4 Bb7 17. Bc2 Nhg7 18. Rf2 Rad8 19. e5 f5 20. exf6 Qxf6 21. b4
Nf5 22. Bxf5 Qxf5 23. f4 Qf6 24. Qd2 Ba6 25. h3 Re7 26. Kh2 Rf8 27. Rf3 Bc4 28.
Re3 Nd8 29. Rf1 Rfe8 30. Rff3 Nf7 31. a3 Nd6 32. Ng3 Rxe3 33. Rxe3 Rf8 34. Rf3
Re8 35. Re3 Rf8 36. Rf3 Re8 37. Qd1 1/2-1/2

[Event "39th Nezhmetdinov Mem"]
[Site "Kazan RUS"]
[Date "2017.06.06"]
[Round "7.3"]
[White "Kokarev, Dmitry"]
[Black "Golubov, Saveliy"]
[Result "1/2-1/2"]
[WhiteTitle "GM"]
[BlackTitle "IM"]
[WhiteElo "2640"]
[BlackElo "2504"]
[WhiteFideId "4132181"]
[BlackFideId "24176729"]
[EventDate "2017.05.31"]

1. e4 e5 2. Nf3 Nc6 3. Bb5 a6 4. Ba4 Nf6 5. O-O Be7 6. Bxc6 dxc6 7. d3 Nd7 8.
Nbd2 O-O 9. Nc4 f6 10. Nh4 Re8 11. f4 exf4 12. Bxf4 Ne5 13. Bxe5 fxe5 14. Nf3
Bf6 15. Qe1 Qe7 16. Kh1 b6 17. Qg3 c5 18. Rf2 b5 19. Ne3 Be6 20. Nf5 Bxf5 21.
exf5 c4 22. Rd2 e4 23. Re1 cxd3 24. cxd3 e3 25. Rde2 Qd7 26. Rxe3 Rxe3 27. Rxe3
Qxf5 28. Qe1 Rf8 29. b3 c5 30. Re8 Kf7 31. Rxf8+ Kxf8 32. Qe3 Qd5 33. Qe2 Kf7
34. h3 h6 35. Kg1 Qe6 36. Qf2 Qd5 37. Qe2 Qe6 38. Qf2 Qd5 39. Qe2 Qe6 40. Qf2
Qd5 1/2-1/2

[Event "39th Nezhmetdinov Mem"]
[Site "Kazan RUS"]
[Date "2017.06.06"]
[Round "7.4"]
[White "Smirnov, Pavel"]
[Black "Belyakov, Bogdan"]
[Result "1/2-1/2"]
[WhiteTitle "GM"]
[BlackTitle "IM"]
[WhiteElo "2589"]
[BlackElo "2470"]
[WhiteFideId "4123425"]
[BlackFideId "24104795"]
[EventDate "2017.05.31"]

1. Nf3 Nf6 2. d4 g6 3. g3 Bg7 4. Bg2 O-O 5. O-O d6 6. b3 c5 7. Bb2 Nc6 8. c4 a6
9. Nc3 Rb8 10. dxc5 dxc5 11. Na4 Qxd1 12. Rfxd1 Nd7 13. Bxg7 Kxg7 14. Ng5 Na5
15. Bh3 e6 16. Ne4 b6 17. Rd6 Nb7 18. Rd2 b5 19. cxb5 axb5 20. Nac3 b4 21. Na4
c4 22. Rd4 cxb3 23. Rxb4 bxa2 24. Rxa2 Nd8 25. Rxb8 Nxb8 26. Nac5 Nd7 27. Nxd7
Bxd7 28. Bg2 Bc6 29. Nc3 Bxg2 30. Kxg2 Nc6 31. Rd2 Rd8 32. Rxd8 Nxd8 33. Kf1 Kf8
34. Ke1 Ke7 35. Kd2 f6 36. h4 Nc6 37. Ke3 e5 38. Nd5+ Ke6 39. Nc3 Ne7 40. Kf3
Nd5 41. Ke4 1/2-1/2

[Event "39th Nezhmetdinov Mem"]
[Site "Kazan RUS"]
[Date "2017.06.06"]
[Round "7.8"]
[White "Samusenko, Maksim"]
[Black "Yudin, Sergei"]
[Result "1/2-1/2"]
[WhiteTitle "FM"]
[BlackTitle "GM"]
[WhiteElo "2325"]
[BlackElo "2522"]
[WhiteFideId "4112253"]
[BlackFideId "4159659"]
[EventDate "2017.05.31"]

1. e4 c5 2. Nf3 e6 3. d4 cxd4 4. Nxd4 Nf6 5. Nc3 Nc6 6. Ndb5 d6 7. Bf4 e5 8. Bg5
a6 9. Na3 b5 10. Nd5 Be7 11. Bxf6 Bxf6 12. c4 b4 13. Nc2 Rb8 14. Qd3 O-O 15. g3
Be6 16. Bg2 Be7 17. O-O Qd7 18. Rad1 Rfc8 19. b3 Bxd5 20. Qxd5 Qa7 21. Kh1 a5
22. Bh3 Rc7 23. Bd7 Nd8 24. Bb5 Ne6 25. Qd3 Nc5 26. Qe2 Rcc8 27. f3 g6 28. Ne3
a4 29. Rb1 axb3 30. axb3 Ne6 31. Nc2 Qa2 32. Bd7 Rc7 33. Bxe6 fxe6 34. f4 exf4
35. gxf4 Bf6 36. Qd3 Qa6 37. Rbd1 Rd8 38. f5 gxf5 39. exf5 Qb7+ 40. Qf3 d5 41.
Ne3 dxc4 42. Qxb7 Rxb7 43. Rxd8+ Bxd8 44. Nxc4 exf5 45. Rxf5 Rd7 46. Kg2 Kg7 47.
Rb5 Be7 48. Re5 Bf6 49. Re3 Rd1 50. Kf3 Bc3 51. Ke4 h5 52. Rd3 Rb1 53. Na5 Rb2
54. h3 Kf6 55. Kd5 Kg5 56. Kc4 Rd2 57. Rxd2 Bxd2 58. Kd3 Bc3 59. Ke3 Kh4 60. Kf2
Kxh3 61. Kg1 Kg3 62. Nc6 h4 63. Nxb4 Bxb4 64. Kh1 h3 65. Kg1 h2+ 66. Kh1 Kh3 1/2-1/2

[Event "39th Nezhmetdinov Mem"]
[Site "Kazan RUS"]
[Date "2017.06.07"]
[Round "8.2"]
[White "Burmakin, Vladimir"]
[Black "Pridorozhni, Aleksei"]
[Result "1/2-1/2"]
[WhiteTitle "GM"]
[BlackTitle "GM"]
[WhiteElo "2508"]
[BlackElo "2540"]
[WhiteFideId "4105109"]
[BlackFideId "4127870"]
[EventDate "2017.05.31"]

1. d4 d5 2. Nf3 c5 3. c3 e6 4. Bf4 Nc6 5. e3 Nf6 6. Nbd2 Bd6 7. Bg3 O-O 8. Bd3
b6 9. Qe2 Bb7 10. O-O Bxg3 11. hxg3 Qe7 12. Ba6 Bxa6 13. Qxa6 e5 14. Nxe5 Nxe5
15. dxe5 Qxe5 16. Nf3 Qe7 17. Rad1 Rad8 18. Rfe1 Rfe8 19. Qa4 Qd7 20. Qxd7 Rxd7
21. Re2 Ne4 22. Nd2 Nf6 23. Nf3 Ne4 24. Nd2 Nf6 25. Nf3 1/2-1/2

[Event "39th Nezhmetdinov Mem"]
[Site "Kazan RUS"]
[Date "2017.06.07"]
[Round "8.3"]
[White "Tsydypov, Zhamsaran"]
[Black "Frolyanov, Dmitry"]
[Result "1/2-1/2"]
[WhiteTitle "IM"]
[BlackTitle "GM"]
[WhiteElo "2511"]
[BlackElo "2534"]
[WhiteFideId "4108566"]
[BlackFideId "4151976"]
[EventDate "2017.05.31"]

1. e4 c5 2. Nf3 Nc6 3. d4 cxd4 4. Nxd4 Nf6 5. Nc3 e5 6. Ndb5 d6 7. Bg5 a6 8. Na3
b5 9. Bxf6 gxf6 10. Nd5 f5 11. Bd3 Be6 12. O-O Bxd5 13. exd5 Ne7 14. c3 Bg7 15.
Re1 O-O 16. Nc2 f4 17. a4 bxa4 18. Nb4 f5 19. Nc6 Nxc6 20. dxc6 d5 21. Qxa4 f3
22. Rad1 Kh8 23. g3 Qb6 24. Bf1 Rfd8 25. Bh3 Rac8 26. Bxf5 Rxc6 27. Rd2 Rf8 28.
Qc2 Rd6 29. Red1 Rdf6 30. g4 Rxf5 31. gxf5 Qf6 32. Kh1 Bh6 33. Rg1 Bf4 34. Rxd5
Bxh2 35. Qe4 Bxg1 36. Kxg1 Qg5+ 37. Kf1 Rxf5 38. Qe3 Kg8 39. Qxg5+ Rxg5 40. Ra5
h5 41. Rxa6 Kf7 42. b4 Rg4 43. Rh6 h4 44. b5 Rc4 45. Kg1 Rxc3 46. Rxh4 Rb3 47.
Rh7+ Kg6 48. Rb7 Kf5 49. Kh2 Ke4 50. Ra7 Rxb5 51. Kg3 Rb3 52. Ra4+ Kf5 53. Ra5
Rd3 54. Rb5 Ke4 55. Rb4+ Kf5 56. Rb5 Ra3 57. Rb8 Rc3 58. Ra8 Rb3 59. Ra5 Ke4 1/2-1/2